The great Gatsby / (Record no. 174674)

000 -LEADER
fixed length control field 01276cam a2200337 a 4500
001 - CONTROL NUMBER
control field 15474168
003 - CONTROL NUMBER IDENTIFIER
control field Nust
005 - DATE AND TIME OF LATEST TRANSACTION
control field 20170207090237.0
008 - FIXED-LENGTH DATA ELEMENTS--GENERAL INFORMATION
fixed length control field 081002r20081998enkb b 000 1 eng
010 ## - LIBRARY OF CONGRESS CONTROL NUMBER
LC control number 2008277435
020 ## - INTERNATIONAL STANDARD BOOK NUMBER
International Standard Book Number 9780141023434 (pbk.)
040 ## - CATALOGING SOURCE
Original cataloging agency DLC
Transcribing agency DLC
Modifying agency DLC
043 ## - GEOGRAPHIC AREA CODE
Geographic area code n-us-ny
050 00 - LIBRARY OF CONGRESS CALL NUMBER
Classification number PS3511.I9
Item number G7 2008b
082 00 - DEWEY DECIMAL CLASSIFICATION NUMBER
Classification number 823
Author Mark FIT
100 1# - MAIN ENTRY--PERSONAL NAME
Personal name Fitzgerald, F. Scott
Fuller form of name (Francis Scott),
Dates associated with a name 1896-1940.
245 14 - TITLE STATEMENT
Title The great Gatsby /
Statement of responsibility, etc. F. Scott Fitzgerald
260 ## - PUBLICATION, DISTRIBUTION, ETC.
Place of publication, distribution, etc. Oxford [England] ;
-- New York :
Name of publisher, distributor, etc. Oxford University Press,
Date of publication, distribution, etc. 2006.
300 ## - PHYSICAL DESCRIPTION
Extent xlv, 183 p. :
Dimensions 20 cm.
490 1# - SERIES STATEMENT
Series statement Oxford world's classics
504 ## - BIBLIOGRAPHY, ETC. NOTE
Bibliography, etc. note Includes bibliographical references (p. [xxxvii]-xl).
650 #0 - SUBJECT ADDED ENTRY--TOPICAL TERM
Topical term or geographic name entry element Rich people
Form subdivision Fiction.
650 #0 - SUBJECT ADDED ENTRY--TOPICAL TERM
Topical term or geographic name entry element Married women
Form subdivision Fiction.
650 #0 - SUBJECT ADDED ENTRY--TOPICAL TERM
Topical term or geographic name entry element First loves
Form subdivision Fiction.
651 #0 - SUBJECT ADDED ENTRY--GEOGRAPHIC NAME
Geographic name Long Island (N.Y.)
Form subdivision Fiction.
655 #0 - INDEX TERM--GENRE/FORM
Genre/form data or focus term Psychological fiction.
655 #7 - INDEX TERM--GENRE/FORM
Genre/form data or focus term Love stories.
Source of term gsafd
700 1# - ADDED ENTRY--PERSONAL NAME
Personal name Prigozy, Ruth.
830 #0 - SERIES ADDED ENTRY--UNIFORM TITLE
Uniform title Oxford world's classics (Oxford University Press)
906 ## - LOCAL DATA ELEMENT F, LDF (RLIN)
a 7
b cbc
c origcop
d 2
e ncip
f 20
g y-gencatlg
942 ## - ADDED ENTRY ELEMENTS (KOHA)
Source of classification or shelving scheme
Koha item type Book
Holdings
Withdrawn status Lost status Source of classification or shelving scheme Damaged status Not for loan Collection code Permanent Location Current Location Shelving location Date acquired Total Checkouts Total Renewals Full call number Barcode Checked out Date last seen Date last checked out Copy number Price effective from Koha item type
            Central Library (CL) Central Library (CL) Fiction 02/07/2017 13 10 823 FIT CL2635 10/19/2025 09/19/2025 09/19/2025 1 02/07/2017 Book
© 2023 Central Library, National University of Sciences and Technology. All Rights Reserved.